00397nam a2200157Ia 4500008004100000020001500041041001200056082001100068100001700079245005700096250000800153260003900161300000800200650001500208700001600223221030s9999 xx 000 0 und d a8177582380 aEnglish a105.23 aT. D. Eastop 0aApplied Thermodynamics For Engineering Technologists a5th bPearson EdcuationaNew Delhic2007 a425 aMechanical aA. McConkey